Avances y retrocesos de la Reforma procesal penal latinoamericana desde la visin̤ de Mx̌ico y Cuba

Detalles Bibliográficos
Autor principal: Medina Cuenca, Arnel
Otros Autores: Crespo Gm̤ez, Yesenia Guadalupe
Formato: eBook
Lenguaje:español
Publicado: La Habana: Unin̤ Nacional de Juristas de Cuba, 2016.
Materias:
Acceso en línea:Acceso restringido

MARC

LEADER 00000nam a22000007a 4500
005 20160928154127.0
007 cr|||| ||u|
008 160928s2016 Cu |||||o|||| 001 0 spa d
020 |a 978-959-7219-34-7 
035 |a 14316 
040 |a vLex 
090 |c 6241  |d 6241 
100 1 |a Medina Cuenca, Arnel  
245 1 |a Avances y retrocesos de la Reforma procesal penal latinoamericana desde la visin̤ de Mx̌ico y Cuba  |h [Recurso electrn̤ico] /  |c Arnel Medina Cuenca, Yesenia Guadalupe Crespo Gm̤ez.  
256 |a Servicio en ln̕ea 
260 |a La Habana:  |b Unin̤ Nacional de Juristas de Cuba,  |c 2016. 
300 |a 1 Recurso electrn̤ico 
506 1 |a Disponible solo en los productos.  |d vLex Global  |d vLex Global (Academic Edition, excluding Law Schools)  |d vLex Global (U.S. Academic Edition, Law Schools)  |d vLex Global (U.S. Academic Edition, excluding Law Schools)  |d vLex Global (Academic Edition, Law Schools) 
650 0 4 |a Derecho penal  |z Cuba 
650 0 4 |a Criminologa̕  |z Cuba 
700 1 |a Crespo Gm̤ez, Yesenia Guadalupe 
740 0 |a vLex libros (servicios en ln̕ea) 
856 4 0 |z Acceso restringido  |u http://vlex.com/source/avances-retrocesos-reforma-procesal-penal-latinoamericana-vision-mexico-cuba-14316 
942 |c BOOK 
999 0 |a Criminal Law 
999 0 |a Criminology